Can you name EVERY SINGLE MCU CHARACTER??? - Statistics

General Stats
  • This quiz has been taken 126 times
  • The average score is 71 of 243
Answer Stats
Answer % Correct
Iron Man
98%
Thor
92%
Black Widow
91%
The Hulk
91%
Captain America
90%
Loki
89%
Hawkeye
87%
Spider-Man
87%
Ant-Man
85%
Black Panther
85%
Hank Pym
85%
Thanos
84%
Doctor Strange
82%
Gamora
82%
The Winter Soldier
82%
Scarlet Witch
81%
Star-Lord
81%
The Wasp
81%
Nick Fury
80%
Rocket
80%
Groot
78%
Pepper Potts
78%
Vision
78%
Falcon
77%
Odin
77%
Captain Marvel
75%
War Machine
75%
Drax
74%
Peggy Carter
71%
Ultron
70%
Hela
69%
Nebula
69%
Quicksilver
68%
Mantis
66%
Valkyrie
66%
Wong
65%
Maria Hill
63%
Red Skull
63%
Shuri
62%
Killmonger
60%
Okoye
60%
Ego
59%
Happy Hogan
59%
Yondu
59%
Phil Coulson
58%
Whiplash
58%
Sif
56%
Frigga
55%
Iron Monger
55%
Jane Foster
55%
Ronan
55%
The Ancient One
55%
The Grandmaster
55%
Heimdall
54%
Howard Stark
54%
Dormammu
52%
Erik Selvig
52%
Korg
52%
Ebony Maw
51%
M'Baku
49%
The Abomination
49%
The Collector
49%
Ghost
48%
Justin Hammer
48%
The Vulture
48%
Proxima Midnight
47%
Sharon Carter
47%
Darcy Lewis
46%
Mysterio
46%
Yellowjacket
46%
Betty Ross
45%
The Mandarin
44%
Aldrich Killian
42%
Malekith
42%
Michelle Jones
42%
Ned Leeds
42%
Cassie Lang
41%
Arnim Zola
40%
May Parker
40%
Nakia
40%
Volstagg
40%
Cull Obsidian
39%
Mordo
39%
Janet Van Dyne
38%
Kaecilius
37%
Helmut Zemo
35%
Laufey
35%
Luis
35%
Miek
35%
Flash Thompson
34%
Morgan Stark
34%
Taserface
34%
Fandral
33%
Corvus Glaive
32%
Hogun
32%
Kraglin
32%
Maria Stark
31%
Maria Rambeau
30%
Skurge
30%
Ulysses Klaue
30%
Yon-Rogg
30%
Monica Rambeau
29%
Talos
29%
Ayo
28%
The Shocker
28%
Everett Ross
27%
Surtur
27%
Ayesha
26%
Brock Rumlow
26%
Bill Foster
25%
Jasper Sitwell
25%
Christine Palmer
24%
Laura Barton
24%
Liz Toomes
24%
The Other
24%
Zuri
24%
Goose
23%
Ho Yinsen
23%
Dum Dum Dugan
22%
Korath
20%
Mar-Vell
20%
W'Kabi
20%
Harley Keener
19%
Strucker
19%
Abraham Erskine
18%
Chester Phillips
18%
Dave
18%
Maggie Lang
18%
Meredith Quill
18%
Tinkerer
18%
Betty Brant
17%
Helen Cho
17%
Minn-Erva
17%
Nathaniel Barton
17%
Lila Barton
16%
Maya Hansen
16%
Nova Prime
16%
Sonny Burch
16%
Christine Everhart
15%
Eitri
15%
Kurt
15%
Topaz
15%
Samuel Sterns
14%
Carina
13%
N'Jobu
13%
Cooper Barton
12%
Dr. List
12%
Raza
12%
Stakar Ogord
12%
Aaron Davis
11%
Algrim
11%
Anton Vanko
11%
Jim Paxton
11%
Rhomann Dey
11%
Edwin Jarvis
10%
Ellen Brandt
10%
Gabe Jones
10%
Heinz Kruger
10%
Senator Stern
10%
Soren
10%
Eric Savin
9%
Matthew Ellis
9%
Charlie-27
8%
Georges Batroc
8%
Leonard Samson
8%
Ian Boothby
6%
James Montgomery Fallsworth
6%
Mitchell Carson
6%
Nicodemus West
6%
Roger Harrington
6%
Aleta Ogord
5%
Cameron Klein
5%
Jack Rollins
5%
Jacques Dernier
5%
Jonathan Pangborn
5%
Abu Bakaar
4%
Akihiko
4%
Alexander Peirce
4%
Att-Lass
4%
Brad Davis
4%
Bron-Char
4%
Gale
4%
James Woo
4%
Jason Ionello
4%
Julius Dell
4%
King T’Chaka
4%
Lucian Aster
4%
Mac Gargan
4%
Sally Avril
4%
William Ginter Riva
4%
Cindy Moon
3%
Councilwoman Hawley
3%
Denaarian Saal
3%
Dimitri
3%
Fenriswolf
3%
Abe Brown
2%
Councilman Rockwell
2%
Councilman Singh
2%
Doris Toomes
2%
Elihas Starr
2%
Georgi Luchkov
2%
Linda
2%
Lorraine
2%
Senator Brandt
2%
Tullk
2%
Uzman
2%
Vasily Karpov
2%
Vice President Rodriguez
2%
Ann Marie Hoag
1%
Brahl
1%
Gef
1%
Halfnut
1%
Kathleen Sparr
1%
Narblik
1%
Retch
1%
Richard Madison
1%
River Tribe Elder
1%
Scrote
1%
Xoliswa
1%
Anitolov
0%
Border Tribe Elder
0%
Charles Murphy
0%
Councilman Gideon Malick
0%
Councliman Yen
0%
Huhhtar
0%
Jim Mortia
0%
J Jonah Jamison
0%
Josh Scarino
0%
Kree Supreme Intelligence
0%
Limbani
0%
Madame B
0%
Martinex T'Naga
0%
Merchant Tribe Elder
0%
Mining Tribe Elder
0%
Principal Mortia
0%
Queen Romanda
0%
Sebastian
0%
Sectretary Ross
0%
The Tower Keeper
0%
Tyler Corbyn
0%
Yasmin Monette
0%
Zoha
0%
No matching quizzes found
Score Distribution
Percent of People with Each Score
Percentile by Number Answered
Your Score History
You have not taken this quiz